Bovid Species - Statistics

General Stats
  • This quiz has been taken 400 times
  • The average score is 23 of 146
Answer Stats
Subfamily Tribe Genus Species Common name % Correct
Bovinae Bovini Bos taurus Cattle
94%
Antilopinae Antilopini Procapra picticaudata Goa
69%
Caprinae Caprini Ovis aries Domestic sheep
68%
Bovinae Bovini Bison bison American bison
67%
Bovinae Bovini Bubalus bubalis Domestic water buffalo
63%
Caprinae Caprini Capra hircus Domestic goat
59%
Bovinae Bovini Bison bonasus European bison
52%
Caprinae Caprini Oreamnos americanus Mountain goat
51%
Bovinae Bovini Bos grunniens Domestic yak
45%
Bovinae Bovini Bos gaurus Gaur
39%
Antilopinae Antilopini Antidorcas marsupialis Springbok
39%
Aepycerotinae Aepycerotini Aepyceros melampus Impala
38%
Bovinae Bovini Syncerus caffer African buffalo
35%
Caprinae Caprini Ovis canadensis Bighorn sheep
34%
Caprinae Ovibovini Ovibos moschatus Muskox
33%
Hippotraginae Hippotragini Oryx leucoryx Arabian oryx
31%
Antilopinae Saigini Saiga tatarica Saiga antelope
31%
Alcelaphinae Alcelaphini Connochaetes taurinus Blue wildebeest
30%
Antilopinae Antilopini Eudorcas thomsonii Thomson's gazelle
30%
Bovinae Bovini Bos indicus Zebu
28%
Antilopinae Antilopini Gazella arabica Arabian gazelle
26%
Alcelaphinae Alcelaphini Connochaetes gnou Black wildebeest
26%
Hippotraginae Hippotragini Addax nasomaculatus Addax
25%
Hippotraginae Hippotragini Oryx gazella Gemsbok
25%
Caprinae Caprini Ovis dalli Dall sheep
23%
Bovinae Tragelaphini Tragelaphus strepsiceros Greater kudu
23%
Reduncinae Reduncini Kobus kob Kob
23%
Hippotraginae Hippotragini Oryx dammah Scimitar oryx
23%
Caprinae Caprini Capra pyrenaica Iberian ibex
22%
Bovinae Tragelaphini Tragelaphus imberbis Lesser kudu
22%
Alcelaphinae Alcelaphini Alcelaphus buselaphus Hartebeest
21%
Caprinae Caprini Capra nubiana Nubian ibex
21%
Antilopinae Antilopini Antilope cervicapra Blackbuck
20%
Antilopinae Antilopini Nanger dama Dama gazelle
20%
Bovinae Bovini Bubalus arnee Wild water buffalo
20%
Caprinae Caprini Capra ibex Alpine ibex
19%
Bovinae Tragelaphini Taurotragus oryx Common eland
19%
Antilopinae Antilopini Nanger granti Grant's gazelle
19%
Caprinae Caprini Capra sibirica Siberian ibex
19%
Reduncinae Reduncini Kobus ellipsiprymnus Waterbuck
19%
Bovinae Tragelaphini Tragelaphus eurycerus Bongo
18%
Antilopinae Antilopini Gazella cuvieri Cuvier's gazelle
18%
Antilopinae Antilopini Gazella dorcas Dorcas gazelle
18%
Bovinae Tragelaphini Taurotragus derbianus Giant eland
18%
Caprinae Caprini Ovis gmelini Mouflon
18%
Bovinae Tragelaphini Tragelaphus angasii Nyala
18%
Bovinae Bovini Bos javanicus Banteng
17%
Hippotraginae Hippotragini Oryx beisa East African oryx
17%
Reduncinae Reduncini Kobus leche Lechwe
17%
Caprinae Caprini Capra falconeri Markhor
17%
Antilopinae Antilopini Litocranius walleri Gerenuk
16%
Hippotraginae Hippotragini Hippotragus niger Sable antelope
16%
Oreotraginae Oreotragini Oreotragus oreotragus Klipspringer
15%
Antilopinae Antilopini Gazella spekei Speke's gazelle
15%
Alcelaphinae Alcelaphini Damaliscus lunatus Tsessebe
15%
Bovinae Bovini Bos mutus Wild yak
15%
Antilopinae Neotragini Madoqua kirkii Kirk's dik-dik
14%
Reduncinae Reduncini Kobus megaceros Nile lechwe
14%
Bovinae Boselaphini Boselaphus tragocamelus Nilgai
14%
Caprinae Caprini Budorcas taxicolor Takin
14%
Cephalophinae Cephalophini Philantomba monticola Blue duiker
13%
Alcelaphinae Alcelaphini Damaliscus pygargus Bontebok
13%
Bovinae Boselaphini Tetracerus quadricornis Four-horned antelope
13%
Alcelaphinae Alcelaphini Beatragus hunteri Hirola
13%
Hippotraginae Hippotragini Hippotragus equinus Roan antelope
13%
Bovinae Tragelaphini Tragelaphus scriptus Bushbuck
12%
Bovinae Bovini Bubalus depressicornis Lowland anoa
12%
Bovinae Bovini Pseudoryx nghetinhensis Saola
12%
Bovinae Tragelaphini Tragelaphus spekeii Sitatunga
12%
Caprinae Caprini Capra aegagrus Wild goat
12%
Caprinae Caprini Rupicapra rupicapra Alpine chamois
11%
Bovinae Bovini Bos frontalis Gayal
11%
Bovinae Bovini Bubalus quarlesi Mountain anoa
11%
Antilopinae Neotragini Ourebia ourebi Oribi
11%
Cephalophinae Cephalophini Cephalophus zebra Zebra duiker
11%
Caprinae Caprini Ammotragus lervia Barbary sheep
10%
Caprinae Caprini Pseudois nayaur Bharal
10%
Cephalophinae Cephalophini Cephalophus niger Black duiker
10%
Cephalophinae Cephalophini Sylvicapra grimmia Common duiker
10%
Antilopinae Antilopini Ammodorcas clarkei Dibatag
10%
Caprinae Ovibovini Capricornis crispus Japanese serow
10%
Bovinae Tragelaphini Tragelaphus buxtoni Mountain nyala
10%
Antilopinae Antilopini Procapra przewalskii Przewalski's gazelle
10%
Bovinae Bovini Bubalus mindorensis Tamaraw
10%
Antilopinae Antilopini Gazella erlangeri Erlanger's gazelle
9%
Bovinae Bovini Bos sauveli Kouprey
9%
Antilopinae Antilopini Gazella gazella Mountain gazelle
9%
Caprinae Pantholopini Pantholops hodgsonii Tibetan antelope
9%
Caprinae Caprini Capra walie Walia ibex
9%
Caprinae Caprini Ovis ammon Argali
8%
Antilopinae Neotragini Madoqua guentheri Günther's dik-dik
8%
Caprinae Caprini Hemitragus jemlahicus Himalayan tahr
8%
Cephalophinae Cephalophini Philantomba maxwellii Maxwell's duiker
8%
Caprinae Caprini Rupicapra pyrenaica Pyrenean chamois
8%
Cephalophinae Cephalophini Cephalophus natalensis Red forest duiker
8%
Antilopinae Neotragini Neotragus pygmaeus Royal antelope
8%
Antilopinae Neotragini Raphicerus campestris Steenbok
8%
Antilopinae Neotragini Dorcatragus megalotis Beira
7%
Cephalophinae Cephalophini Cephalophus brookei Brooke's duiker
7%
Caprinae Ovibovini Naemorhedus griseus Chinese goral
7%
Antilopinae Antilopini Gazella bennettii Chinkara
7%
Cephalophinae Cephalophini Cephalophus harveyi Harvey's duiker
7%
Cephalophinae Cephalophini Cephalophus jentinki Jentink's duiker
7%
Antilopinae Antilopini Procapra gutturosa Mongolian gazelle
7%
Reduncinae Reduncini Kobus vardonii Puku
7%
Antilopinae Antilopini Eudorcas rufifrons Red-fronted gazelle
7%
Antilopinae Neotragini Madoqua saltiana Salt's dik-dik
7%
Antilopinae Antilopini Nanger soemmerringii Soemmerring's gazelle
7%
Reduncinae Reduncini Redunca arundinum Southern reedbuck
7%
Cephalophinae Cephalophini Cephalophus silvicultor Yellow-backed duiker
7%
Cephalophinae Cephalophini Cephalophus adersi Aders's duiker
6%
Bovinae Bovini Bos domesticus Bali cattle
6%
Antilopinae Antilopini Gazella subgutturosa Goitered gazelle
6%
Caprinae Ovibovini Naemorhedus goral Himalayan goral
6%
Reduncinae Reduncini Redunca fulvorufula Mountain reedbuck
6%
Caprinae Caprini Nilgiritragus hylocrius Nilgiri tahr
6%
Caprinae Ovibovini Naemorhedus baileyi Red goral
6%
Caprinae Ovibovini Capricornis rubidus Red serow
6%
Caprinae Caprini Ovis nivicola Snow sheep
6%
Caprinae Caprini Ovis vignei Urial
6%
Cephalophinae Cephalophini Philantomba walteri Walter's duiker
6%
Cephalophinae Cephalophini Cephalophus weynsi Weyns's duiker
6%
Caprinae Caprini Arabitragus jayakari Arabian tahr
5%
Cephalophinae Cephalophini Cephalophus nigrifrons Black-fronted duiker
5%
Antilopinae Neotragini Raphicerus melanotis Cape grysbok
5%
Caprinae Caprini Capra cylindricornis East Caucasian tur
5%
Reduncinae Reduncini Pelea capreolus Grey rhebok
5%
Cephalophinae Cephalophini Cephalophus ogilbyi Ogilby's duiker
5%
Antilopinae Antilopini Gazella leptoceros Rhim gazelle
5%
Caprinae Ovibovini Capricornis swinhoei Taiwan serow
5%
Caprinae Caprini Capra caucasica West Caucasian tur
5%
Antilopinae Antilopini Gazella marica Arabian sand gazelle
4%
Cephalophinae Cephalophini Cephalophus dorsalis Bay duiker
4%
Reduncinae Reduncini Redunca redunca Bohor reedbuck
4%
Caprinae Ovibovini Naemorhedus caudatus Long-tailed goral
4%
Caprinae Ovibovini Capricornis sumatraensis Mainland serow
4%
Cephalophinae Cephalophini Cephalophus rufilatus Red-flanked duiker
4%
Antilopinae Neotragini Raphicerus sharpei Sharpe's grysbok
4%
Antilopinae Neotragini Madoqua piacentinii Silver dik-dik
4%
Antilopinae Antilopini Eudorcas albonotata Mongalla gazelle
3%
Cephalophinae Cephalophini Cephalophus leucogaster White-bellied duiker
3%
Cephalophinae Cephalophini Cephalophus spadix Abbott's duiker
2%
Antilopinae Antilopini Eudorcas tilonura Heuglin's gazelle
2%
Cephalophinae Cephalophini Cephalophus callipygus Peters's duiker
2%
Cephalophinae Cephalophini Cephalophus rubidus Ruwenzori duiker
1%
Cephalophinae Cephalophini Cephalophus crusalbum White-legged duiker
1%
No matching quizzes found
Score Distribution
Percent of People with Each Score
Percentile by Number Answered
Your Score History
You have not taken this quiz